000 00539nam a2200181 i 4500
001 51708
003 ES-MaACL
005 20230906162422.0
007 t|
008 030818s1977 sp ||||1| spa d
100 1 _aDaniels, Farrington.
_942635
245 1 0 _aUso directo de la energía solar /
_cFarrington Daniels ; [traducción, Enrique Zoido].
250 _a[1ª ed.].
260 _aMadrid :
_bBlume,
_c[1977]
300 _aXIV, 288 p. :
_bil. ;
_c21 cm.
700 1 _aZoido, Enrique.
_9118329
852 _aES-MaACL
_jA-8438
_bR.97189
999 _c51708
_d51708